000 01067cam a2200301 a 4500
001 596744
003 ARRUPE
005 20151014121310.0
008 910130s1991 nyu b 001 0 eng
010 _a 91007328
020 _a0415903793
020 _a0415903807 (pbk.)
040 _aDLC
_cDLC
_dDLC
050 0 0 _aBJ704.F68
_bR34 1991
082 0 0 _a170/.92/244
_220
100 1 _aRajchman, John.
_920273
245 1 0 _aTruth and eros :
_bFoucault, Lacan, and the question of ethics /
_cJohn Rajchman.
260 _aNew York :
_bRoutledge,
_c1991.
300 _a155 p. ;
_c24 cm.
504 _aIncludes bibliographical references (p. 149-154) and index.
600 1 0 _aFoucault, Michel,
_d1926-1984.
_920274
600 1 0 _aLacan, Jacques,
_d1901-1981.
_919594
650 0 _aEthics
_zFrance.
_920275
650 0 _aEthics, Modern
_y20th century.
_920276
906 _a7
_bcbc
_corignew
_d1
_eocip
_f19
_gy-gencatlg
942 _2lcc
_cMONOGRAPH
999 _c123514
_d123514